00890nam a2200193 i 450000100060000000300090000600500170001500700030003200800410003510000290007624502640010526000690036930000260043865000240046470000400048885200310052899900170055995201200057630669ES-MaACL20230906154232.0t|030127s1935 sp ||||1| spa d1 aBatardon, Léon.92640610aTratado práctico de sociedades mercantiles desde el punto de vista contalbe jurídico y fiscal / cpor León Batardon ; traducción de la sexta edición francesa adaptada a la legislación y práctica mercantil españolas por Agustín Vicente Gella. aBarcelona : b[s.n., c1935] (fTalls. Gráfs. Iberoamericanos) aXX, 564 p. ; c23 cm. 4aSociedades.91368840 aVicente y Gella, Agustín.9114376 aES-MaACLjA-5099 bR.18082 c30669d30669 00104070aATENEOMbATENEOMcSPP1d2008-01-17eSCl0oA-5099p1031669r2023-02-23 00:00:00w2023-02-23yMONOGRAFIA